00758nam a2200229 i 4500003000900000005001700009007000300026008004100029020001500070040003000085082001300115100003200128245007900160246003700239250004100276264004300317300004800360336002700408337003300435338002800468700003200496DO-SdBNP20240923152506.0ta240923s1973 sp bo 000 0 spa d a8440061978 aDO-SdBNPbspacBNPHUerda 222bT1761 4aut.aTaracena, Blaseautor10aGuía artística de Soria y su provincia /cBlas Taracena, José Tudela1 aGuía de Soria y su provincia / a4a. edición, corregida y aumentada1 aMadrid, España :b[Eosgraf], c1973. a283 páginasbmapas, fotografíasc21 cm. atextobtxt2rdacontent asin mediaciónbn2rdamedia avolumenbnc2rdacarrier1 4aut.aTudela, Joséeautor